000 00658cam a22002053a 4500
001 44296
003 PGUSA
005 20140828084018.0
008 131127s2013||||xxu|||||s|||||000 | eng d
040 _aPGUSA
_beng
042 _adc
100 1 _aByers, Samuel H. M.
245 1 0 _aTwenty Years in Europe :
_bA Consul-General's Memories of Noted People, with Letters From General W. T. Sherman
_h[electronic resource] /
_cSamuel H. M. Byers
260 _bProject Gutenberg,
_c2013
506 _aPublic domain in the USA.
516 _aElectronic text
830 0 _aProject Gutenberg
_v44296
856 4 0 _uhttp://www.gutenberg.org/ebooks/44296
942 _cEB
999 _c273547
_d273547